| 000 | 00648nam a2200181Ia 4500 | ||
|---|---|---|---|
| 008 | 151202s9999||||xx |||||||||||||| ||und|| | ||
| 082 | _bPNVM-85227 | ||
| 100 | _aभैरप्पा एस्. एल्/अनु-कुलकर्णी उमा | ||
| 245 | _aपारखा | ||
| 260 | _bमेह्ता | ||
| 260 | _c2015 | ||
| 300 | _a280 | ||
| 600 | _aभैरप्पा एस्. एल्/अनु-कुलकर्णी उमा | ||
| 630 | _aपारखा | ||
| 700 | _aभैरप्पा एस्. एल्/अनु-कुलकर्णी उमा | ||
| 730 | _aपारखा | ||
| 942 | _cBOOK | ||
| 999 |
_c1350044 _d1350041 |
||